000
00347nam a2200157Ia 4500
100
_a
Barbara/Daniel
650
_a
Datamining
942
_c
BK
366
_f
20
245
_a
Application of Datamining in computer security
260
_b
Springer International
_c
2002
082
_a
5.8
_b
BAR
300
_a
252
546
_a
ENGLISH
999
_c
27864
_d
27864